Statistics for ポケモンのタイプ

Click here to take the quiz!

General Stats

  • This quiz has been taken 151 times
  • The average score is 16 of 18

Answer Stats

Answer% Correct
みず
100%
くさ
100%
ほのお
97%
フェアリー
95%
ノーマル
92%
でんき
92%
いわ
89%
あく
89%
じめん
87%
ドラゴン
87%
こおり
86%
エスパー
86%
はがね
86%
かくとう
85%
ひこう
84%
ゴースト
82%
どく
81%
むし
76%

Score Distribution

Percentile by Number Answered

Percent of People with Each Score

Your Score History

You have not taken this quiz